| 000 | 00936nam a2200313Ia 4500 | ||
|---|---|---|---|
| 001 | Z_194 | ||
| 003 | CHAP | ||
| 008 | 220113s9999 xx 000 0 und d | ||
| 010 | _a163167 | ||
| 020 | _a0-520-02739-6 (Encuadernación en tela) \ 0-520-02507-5 (Encuadernación rústica) | ||
| 040 | _cCHAP | ||
| 082 | _a584.9794 C73 | ||
| 100 |
_aCrampton, Beecher _928825 |
||
| 245 |
_aGrasses in California / _cBeecher Crampton |
||
| 260 |
_aEstados Unidos de América : _bUniversity of California, _c |
||
| 300 | _a178 p. | ||
| 440 |
_aCalifornia natural history guides; 33 _9137421 |
||
| 503 | _aej.1: C/E | ||
| 504 | _aBibliografía: p. 171 | ||
| 650 |
_aGramíneas _950260 |
||
| 650 |
_aPastos _x _x California _x _x Clasificación _9137422 |
||
| 650 |
_aPastos _x _x California _x _x Identificación _9137423 |
||
| 901 | _a584.9794 C73 | ||
| 902 | _aM | ||
| 910 | _a | ||
| 942 | _c1 | ||
| 942 | _cc1 | ||
| 999 |
_c163167 _d163167 |
||